| 000 | 00658nam a2200193 u 4500 | ||
|---|---|---|---|
| 001 | 000639887 | ||
| 003 | AM-YeHGA | ||
| 005 | 20250617140754.0 | ||
| 008 | 090309s1962 ||| r 000 0 rus d | ||
| 040 | _aAM-YeHGA | ||
| 041 | 1 |
_arus _hurd |
|
| 100 | 1 | _aЧандар, Кришан | |
| 245 | 1 | 0 |
_aВор : _bРассказы : Перевод с урду / _cКришан Чандар ; АН СССР. Ин-т народов Азии. |
| 260 |
_aМосква : _bВост. лит., _c1962. |
||
| 300 | _a167 с. | ||
| 653 | 0 | _aИндийская литература | |
| 710 | 2 | _aИнститут народов Азии АН СССР | |
| 090 | _c227948 | ||
| 999 |
_c226406 _d226406 |
||